Montherlant ou le voyage au bout du jour (Record no. 547113)

000 -CABECERA
Campo de control de longitud fija 00481nab a2200145Ia 4500
003 - IDENTIFICADOR DEL NÚMERO DE CONTROL
Campo de control ES-SlBCS
005 - FECHA Y HORA DE LA ÚLTIMA TRANSACCIÓN
Campo de control 20210601130449.0
008 - CÓDIGOS DE INFORMACIÓN DE LONGITUD FIJA
Campo de control de longitud fija 140529s1962 xxu||||| |||| 00| 0 fre d
041 ## - CÓDIGO DE LENGUA
Código de lengua del texto/banda sonora o título independiente fre
100 1# - PUNTO DE ACCESO PRINCIPAL-NOMBRE DE PERSONA
Nombre de persona Saint-Robert, Philippe de
9 (RLIN) 173297
245 00 - MENCIÓN DE TÍTULO
Título Montherlant ou le voyage au bout du jour
Mención de responsabilidad, etc. Philippe de Saint-Robert
650 04 - PUNTO DE ACCESO ADICIONAL DE MATERIA-TÉRMINO DE MATERIA
Término de materia o nombre geográfico como elemento inicial Montherland-Un Viajero Solitario
9 (RLIN) 173298
773 0# - ENLACE AL DOCUMENTO FUENTE
Título Giornali di Metafisica
Parte(s) relacionada(s) vol. 17, nº. 1-2, 1962, págs. 130-134
Número de control del registro relacionado 0017-0372
942 ## - ENTRADA DE ELEMENTOS AGREGADOS (KOHA)
Koha [por defecto] tipo de item Artículos de revista
Holdings
Suprimido Perdido Estropeado No para préstamo Localización permanente Localización actual Localización en estantería Fecha adquisición Préstamos totales Fecha última consulta Fecha del precio de reemplazo Tipo de item de Koha
        San Esteban San Esteban Depósito de revistas 11/07/2014   11/07/2014 11/07/2014 Artículos de revista

Bibliotecas Dominicos Provincia Hispania, 2016

Con tecnología Koha